| 000 | 00662nam a22001937a 4500 | ||
|---|---|---|---|
| 005 | 20160824115629.0 | ||
| 010 | _aENG-115825 | ||
| 020 |
_a9781107056626 _c895.00 |
||
| 035 | _aEN-99357 | ||
| 037 | _bDBAD/PUB | ||
| 082 | _a327.17470954 | ||
| 100 | _aVinod Kumar,A. | ||
| 245 |
_aIndia and the nuclear non- proliferation regimem : _cby A. Vinod Kumar _bthe perennial outlier |
||
| 260 |
_aNew Delhi _bCambridge University Press _c2015 |
||
| 270 |
_a4381/4 Ansari Road, Daryaganj _bNew Delhi _e1110002 |
||
| 300 |
_axvii,233p. _c23cm(pbk) |
||
| 500 | _aIncludes bibliographical references and index | ||
| 942 |
_2ddc _cEN _h327.17470954 _mVIN |
||
| 999 |
_c102787 _d102787 |
||